Classifica Marcatori UEFA Champions League 2024-2025 - Statistiken

Allgemein
  • Dieses Quiz wurde 7 mal gespielt
  • Das Durchschnittsergebnis liegt bei 10 aus 12
Antwortstatistiken
Gol Nazione Squadra Calciatore % Korrekt
8 Norvegia Manchester City Erling Haaland
100%
11 Inghilterra Bayern Monaco Harry Kane
100%
7 Canada Lille Jonathan David
100%
7 Argentina Atlético Madrid Julián Álvarez
100%
9 Argentinia Inter Lautaro Martínez
100%
8 Francia Paris Saint-Germain Ousmane Dembélé
100%
11 Polonia Barcellona Robert Lewandowski
100%
8 Brasile Real Madrid Vinícius Júnior
100%
13 Brasile Barcellona Raphinha
86%
13 Guinea Borussia Dortmund Serhou Guirassy
86%
7 Francia Real Madrid Kylian Mbappé
29%
7 Grecia Benfica Vangelis Pavlidis
0%
Keine übereinstimmenden Quizze gefunden
Verteilung der Resultate
Anzahl Personen mit jedem Resultat
Perzentil nach korrekt beantworteten Fragen
Ihre Resultats-Entwicklung
Sie haben dieses Quiz noch nicht gespielt